Mō hitotsu no yūkoku /

Saved in:
书目详细资料
主要作者: Ogihara, Yūichi, 1951-
格式: 图书
语言:Japanese
出版: Tōkyō : Natsume Shobō, 2000.
版:Shohan.
主题:
标签: 添加标签
没有标签, 成为第一个标记此记录!
LEADER 00910cam a2200277 a 4500
001 008683081-3
005 20024617123543.0
008 020117s2000 ja b 000 1 jpn d
020 |a 4931391788 
035 0 |a ocm48805933 
040 |a MH-HY  |c MH-HY 
050 4 |a PL852.O35  |b M64 2000x 
100 1 |6 880-01  |a Ogihara, Yūichi,  |d 1951- 
245 1 0 |6 880-02  |a Mō hitotsu no yūkoku /  |c Ogihara Yūichi. 
250 |6 880-03  |a Shohan. 
260 |6 880-04  |a Tōkyō :  |b Natsume Shobō,  |c 2000. 
300 |a 189 p. ;  |c 20 cm. 
504 |a Includes bibliographical references. 
600 1 0 |6 880-05  |a Mishima, Yukio,  |d 1925-1970  |v Fiction. 
880 1 |6 100-01  |a 萩原雄一,  |d 1951- 
880 1 0 |6 245-02  |a もうひとつの憂國 /  |c 萩原雄一. 
880 |6 250-03  |a 初版. 
880 |6 260-04  |a 東京 :  |b 夏目書房,  |c 2000. 
880 1 0 |6 600-05  |a 三島由紀夫,  |d 1925-1970  |v Fiction. 
988 |a 20021217 
906 |0 MH